|
|
|
|
| LEADER |
00000cam a22000004a 4500 |
| 001 |
musev2_24916 |
| 003 |
MdBmJHUP |
| 005 |
20230905042643.0 |
| 006 |
m o d |
| 007 |
cr||||||||nn|n |
| 008 |
130727s2013 lau o 00 0 eng d |
| 020 |
|
|
|a 9780807152201
|
| 020 |
|
|
|z 9780807152218
|
| 020 |
|
|
|z 9780807152195
|
| 020 |
|
|
|z 9780807152225
|
| 035 |
|
|
|a (OCoLC)854520207
|
| 040 |
|
|
|a MdBmJHUP
|c MdBmJHUP
|
| 100 |
1 |
|
|a Journey, Anna.
|
| 245 |
1 |
0 |
|a Vulgar Remedies :
|b Poems /
|c Anna Journey.
|
| 264 |
|
1 |
|a Baton Rouge :
|b LSU Press,
|c 2013.
|
| 264 |
|
3 |
|a Baltimore, Md. :
|b Project MUSE,
|c 2013
|
| 264 |
|
4 |
|c ©2013.
|
| 300 |
|
|
|a 1 online resource (88 pages).
|
| 336 |
|
|
|a text
|b txt
|2 rdacontent
|
| 337 |
|
|
|a computer
|b c
|2 rdamedia
|
| 338 |
|
|
|a online resource
|b cr
|2 rdacarrier
|
| 505 |
0 |
|
|a Why Bioluminescent Shrimp Remind Me of Laura ; Vulgar Remedies : Tooth and Salt ; Leaving Texas ; Vulgar Remedies (2) : If You Hold a Dying Creature during Childhood ; Diagnosis : Birds in the Blood ; Article for the End Times : Gas-Mask Bra ; Confessions of a Firestarter -- Warning ; Dermatographia ; Elegy Where I Initially Refuse to Eat Sand ; Wedding Night : We Share an Heirloom Tomato on Our Hotel Balcony Overlooking the Ocean in Which Natalie Wood Drowned ; Fable with Prison Nurse and an Early Morning Embrace ; Wool Blanket Covered in Nipples ; The Devil's Apron ; Alarm ; Black Porcelain French Telephone -- One Week before the Vasectomy, We Stay in the Panama Hotel Bed & Breakfast in a Room Called Cole's Dollhouse ; Tooth Fairy Pillow ; And Behold the Locks of the Three Dimensions Are Sprung ; The Spirit of the Hour Visits Big Pappa's Barbecue Joint ; Nightmare before the Foreclosure ; Base Notes in Perfume Are Almost Always of Animal Origin ; Mercy ; Moose Head Mounted on the Wall of Big Pappa's Barbecue Joint ; Hide and Seek with Time Machine ; Danse Macabre, Mississippi : My Great-Grandmother Fires a BB Gun -- When I Reached into the Stomach of a Fistulated Dairy Cow : Sixth Grade Field Trip to Sonny's Dairy Barn ; Honey Dusk Do Sprawl ; The History in Coffee ; Sonnets to Ambien ; There's Another Forest Growing in the Water ; Alarm (2) ; Sonnets to the Egyptian Chamomile Farmers ; Saint Bruise ; As I Rewind.
|
| 520 |
|
|
|a This book of poems explores an alchemical self whose limbic/alembic lyrics distill the mysterious terrors of childhood, and the dangerous passions of adults, into a honey-dusk 'voodun': protective, purified to gold.
|
| 588 |
|
|
|a Description based on print version record.
|
| 650 |
|
7 |
|a American poetry.
|2 fast
|0 (OCoLC)fst00807348
|
| 650 |
|
7 |
|a POETRY
|x American
|x General.
|2 bisacsh
|
| 650 |
|
6 |
|a Poesie americaine.
|
| 650 |
|
0 |
|a American poetry.
|
| 655 |
|
7 |
|a Electronic books.
|2 local
|
| 710 |
2 |
|
|a Project Muse.
|e distributor
|
| 830 |
|
0 |
|a Book collections on Project MUSE.
|
| 856 |
4 |
0 |
|z Texto completo
|u https://projectmuse.uam.elogim.com/book/24916/
|
| 945 |
|
|
|a Project MUSE - Custom Collection
|
| 945 |
|
|
|a Project MUSE - 2013 Poetry, Fiction and Creative Non-Fiction
|
| 945 |
|
|
|a Project MUSE - 2013 Complete
|